Erkenne das Reimschema - Statistiken

Allgemein
  • Dieses Quiz wurde 122 mal gespielt
  • Das Durchschnittsergebnis liegt bei 5 aus 14
Antwortstatistiken
Frage Antwort % Korrekt
Mitternacht schlägt eine Uhr im Tal, Mond am Himmel wandert kalt und kahl. Unterwegs im Schnee und Mondenschein Geh mit meinem Schatten allein. Paarreim
89%
Als sie einander acht Jahre kannten ( Und man darf sagen, sie kannten sich gut), Kam ihre Liebe plötzlich abhanden, Wie anderen Leuten ein Stock oder Hut. Kreuzreim
72%
Dem Bürger fliegt vom spitzen Kopf der Hut. In allen Lüften hallt es wie Geschrei, Dachdecker stürzen ab und gehn entzwei Und an den Küsten - liest man - steigt die Flut. Umarmender Reim
72%
Das ist das Verhängnis zwischen Empfängnis und Leichenbegängnis nichts als Bedrängnis. Haufenreim
69%
Am Brunnen vor dem Tore Da steht eine Lindenbaum: Ich träumt' in seinem Schatten So manchen süssen Traum. Halber Kreuzreim
54%
Der Mond ist aufgegangen, Die gold'nen Sternlein prangen Am Himmel hell und klar. Der Wald steht schwarz und schweigt, Und aus den Wiesen steiget Der weisse Nebel wunderbar. Schweifreim
43%
- In der Regel vier Betonungen - Kein Versmass - In der Regel ungereimt Der Knittelvers
30%
Aus den Knospen, die euch deckten, Süsse Rosen, mein Entzücken, Lockte euch der heisse Süd; Doch die Gluten, die euch weckten, Drohen jetzt, euch zu ersticken, Ach, ihr seid schon halb verglüht! Verschränkter Reim
30%
Vom Tage, Vom heute gewesenen Tage. Kehrreim
20%
Halte weiter deine Richtung - Walte heiter, reine Dichtung! Schüttelreim
20%
„Frühling lässt sein blaues Band Wieder flattern durch die Lüfte; Süße, wohlbekannte Düfte Streifen ahnungsvoll das Land. Veilchen träumen schon, Wollen balde kommen, – Horch, von fern ein leiser Harfenton! Frühling, ja du bist's! Dich hab ich vernommen!“ Waise
11%
Eine starke, schwarze Barke segelt trauervoll dahin. Binnenreim
10%
- geachtet wird auf die Wortanfänge - kein einheitliches Versmass - ungereimt Stabreimformen
4%
Heinrich, der Wagen bricht! - Nein, Herr, der Wagen nicht, Anfangsreim
2%
Keine übereinstimmenden Quizze gefunden
Verteilung der Resultate
Anzahl Personen mit jedem Resultat
Perzentil nach korrekt beantworteten Fragen
Ihre Resultats-Entwicklung
Sie haben dieses Quiz noch nicht gespielt